[Event "9th Leiden Open A 2015"]
[Site "Leiden NED"]
[Date "2015.07.17"]
[Round "1.1"]
[White "Halfhide, Sebastian"]
[Black "Howell, David W L"]
[Result "0-1"]
[BlackTitle "GM"]
[WhiteElo "2091"]
[BlackElo "2698"]
[WhiteFideId "1045946"]
[BlackFideId "410608"]
[EventDate "2015.07.17"]

1. e4 e5 2. Nf3 Nc6 3. Bb5 a6 4. Ba4 Nf6 5. O-O Be7 6. Re1 b5 7. Bb3 d6 8. a4
Bd7 9. c3 O-O 10. d3 Na5 11. Bc2 c5 12. Nbd2 Re8 13. Nf1 Nc6 14. Ng3 Bf8 15. h3
Rc8 16. Be3 h6 17. axb5 axb5 18. d4 exd4 19. cxd4 cxd4 20. Nxd4 Nb4 21. Bb3 d5
22. exd5 Nbxd5 23. Ndf5 Nxe3 24. Rxe3 Rxe3 25. Nxe3 Bc6 26. Qxd8 Rxd8 27. Rc1
Be8 28. Kf1 g6 29. Rd1 Rc8 30. Nd5 Nxd5 31. Bxd5 Be7 32. Ne4 Rc2 33. Ra1 Rc8 34.
Ke2 Kf8 35. Rd1 b4 36. Bb3 Bb5+ 37. Ke3 Re8 38. Kf4 Bd8 39. Bd5 f5 40. Ng3 Bg5+
41. Kf3 Rd8 42. h4 Bf6 43. Bb3 Rxd1 44. Bxd1 Bxh4 45. Ke3 Bd8 46. Be2 Bc6 47.
Bf3 Bb5 48. Be2 Bb6+ 49. Kd2 Ba4 50. f3 Bc7 51. Nf1 Bf4+ 52. Ne3 h5 53. Bd3 Ke7
54. Ke2 Kd6 55. Bc4 Be5 56. Bf7 Bb5+ 57. Kd2 Bf4 58. Bxg6 Ke5 59. g3 Bxg3 60.
Nxf5 Bf4+ 61. Ke1 Bd7 62. Bxh5 Bxf5 63. Bf7 Bc2 64. Ke2 Kd4 65. Bg8 Bc1 66. Bf7
b3 0-1

[Event "9th Leiden Open A 2015"]
[Site "Leiden NED"]
[Date "2015.07.17"]
[Round "1.2"]
[White "Postny, Evgeny"]
[Black "Den Hartog, Marijn"]
[Result "1/2-1/2"]
[WhiteTitle "GM"]
[WhiteElo "2642"]
[BlackElo "2088"]
[WhiteFideId "2804344"]
[BlackFideId "1046098"]
[EventDate "2015.07.17"]

1. d4 Nf6 2. c4 g6 3. Nc3 Bg7 4. e4 d6 5. h3 O-O 6. Be3 c6 7. Nf3 e5 8. d5 cxd5
9. cxd5 a5 10. Nd2 Nfd7 11. g4 Nc5 12. h4 Nba6 13. g5 Bd7 14. a3 a4 15. Rc1 Qa5
16. Qe2 Rab8 17. Bh3 Bxh3 18. Rxh3 b5 19. Kf1 Rfc8 20. Na2 Bf8 21. Kg2 Nb3 22.
Rxc8 Rxc8 23. Qd1 Nbc5 24. h5 b4 25. hxg6 hxg6 26. Qg4 Rd8 27. Nf1 bxa3 28. bxa3
Qb5 29. Ng3 Qc4 30. Bxc5 Nxc5 31. Nb4 Bg7 32. Nc6 Re8 33. Rh1 Qd3 34. Qf3 Qxf3+
35. Kxf3 f6 36. gxf6 Bxf6 37. Rc1 Nb3 38. Rc3 Bg5 39. Ne2 Bh4 40. Kg2 Rf8 41. f3
Be1 42. Rd3 Kg7 43. Rd1 Bd2 44. Rb1 Be3 45. Rb2 Nd2 46. Ng1 Kh6 47. Rc2 Nb3 48.
Nh3 Bc5 49. Nf2 Ra8 50. Ra2 Nc1 51. Ra1 Nb3 52. Ra2 Nc1 53. Ng4+ Kg7 54. Rb2 Nb3
55. Ra2 Nc1 56. Rb2 Nb3 57. Ra2 1/2-1/2

[Event "9th Leiden Open A 2015"]
[Site "Leiden NED"]
[Date "2015.07.17"]
[Round "1.3"]
[White "Ratsma, Rosa"]
[Black "Tiviakov, Sergei"]
[Result "0-1"]
[BlackTitle "GM"]
[WhiteElo "2088"]
[BlackElo "2639"]
[WhiteFideId "1033662"]
[BlackFideId "1008013"]
[EventDate "2015.07.17"]

1. e4 d5 2. exd5 Qxd5 3. Nc3 Qd6 4. Bc4 Nf6 5. d3 a6 6. h3 Nc6 7. a4 e6 8. Nge2
Be7 9. Bf4 Qd7 10. Qd2 O-O 11. O-O b6 12. Ng3 Bb7 13. Nge4 Nd5 14. Bh2 Ndb4 15.
Rfe1 Nd4 16. Rac1 b5 17. Bb3 c5 18. Rcd1 Qc6 19. f4 Rfd8 20. Na2 Nxb3 21. Nxb4
Qxe4 0-1

[Event "9th Leiden Open A 2015"]
[Site "Leiden NED"]
[Date "2015.07.17"]
[Round "1.4"]
[White "Nikolic, Predrag"]
[Black "Bebchuk, Leonid"]
[Result "1-0"]
[WhiteTitle "GM"]
[WhiteElo "2601"]
[BlackElo "2072"]
[WhiteFideId "14400014"]
[BlackFideId "2803305"]
[EventDate "2015.07.17"]

1. d4 Nf6 2. c4 e6 3. Nc3 d5 4. Bg5 Be7 5. e3 h6 6. Bh4 O-O 7. Nf3 b6 8. Rc1 Bb7
9. Bxf6 Bxf6 10. cxd5 exd5 11. Be2 c6 12. O-O Re8 13. b4 b5 14. a4 a6 15. Ne1
Nd7 16. Nd3 Nb6 17. Nc5 Bc8 18. Qc2 g6 19. Bd3 Bg7 20. Ra1 Be6 21. Ne2 f5 22.
Ra2 Bf7 23. Rfa1 Qe7 24. axb5 axb5 25. Ra6 Rxa6 26. Rxa6 Qc7 27. h4 h5 28. Qa2
Nc4 29. Ra7 Qc8 30. Nf4 Nd6 31. Qa5 Bf6 32. Rd7 Ne4 33. Bxe4 dxe4 34. Qa7 Bc4
35. Nxg6 Qa8 36. g3 Qxa7 37. Rxa7 Be2 38. Nd7 Bg7 39. Nde5 Bc4 40. Kg2 Kh7 41.
Nf4 Kg8 42. Nxc4 bxc4 43. Rc7 Rb8 44. Nxh5 Bh8 45. Rxc6 Rxb4 46. Rc8+ Kh7 47.
Rc5 Kh6 48. Nf4 Bg7 49. Rxf5 1-0

[Event "9th Leiden Open A 2015"]
[Site "Leiden NED"]
[Date "2015.07.17"]
[Round "1.5"]
[White "Van Halderen, Herman"]
[Black "Milov, Leonid"]
[Result "0-1"]
[BlackTitle "GM"]
[WhiteElo "2052"]
[BlackElo "2462"]
[WhiteFideId "1026682"]
[BlackFideId "14101068"]
[EventDate "2015.07.17"]

1. d4 Nf6 2. c4 c5 3. d5 a6 4. Qc2 g6 5. e4 d6 6. Nc3 Bg7 7. Nf3 O-O 8. Nd2 e6
9. a4 Nh5 10. Be2 Nf4 11. Bf3 Qf6 12. Nf1 Nd7 13. Ne2 Nh3 14. Ra3 Ne5 15. Nd2
Ng5 16. h4 Ngxf3+ 17. Nxf3 exd5 18. cxd5 Re8 19. h5 Bd7 20. Kf1 Nxf3 21. Rxf3
Qe7 22. hxg6 fxg6 23. Ng3 b5 24. a5 b4 25. Kg1 Rab8 26. Rf4 Rf8 27. Ne2 Rxf4 28.
Bxf4 Rb5 29. f3 Rxa5 30. g4 Ra2 31. Bc1 Qf6 32. Kg2 Rxb2 33. Bxb2 Qxb2 34. Qxb2
Bxb2 35. Rb1 Bg7 36. Nc1 a5 37. Kg3 g5 38. Ra1 0-1

[Event "9th Leiden Open A 2015"]
[Site "Leiden NED"]
[Date "2015.07.17"]
[Round "1.6"]
[White "Das, Arghyadip"]
[Black "Van der Scheer, Henk"]
[Result "1-0"]
[WhiteTitle "IM"]
[WhiteElo "2457"]
[BlackElo "2049"]
[WhiteFideId "5003610"]
[BlackFideId "1051458"]
[EventDate "2015.07.17"]

1. e4 c5 2. Nc3 d6 3. Nge2 Nc6 4. d4 cxd4 5. Nxd4 Nf6 6. Bg5 e6 7. Bb5 Bd7 8.
Bxc6 bxc6 9. Qf3 e5 10. Nf5 Bxf5 11. Qxf5 Be7 12. O-O h6 13. Bxf6 Bxf6 14. Rad1
O-O 15. Rd3 Qe7 16. Na4 g6 17. Qh3 Bg7 18. Rfd1 Rad8 19. c4 f5 20. Nc3 Kh8 21.
Qe3 Qb7 22. b3 Qe7 23. Qc1 Rf6 24. Qa3 Bf8 25. Qa5 Re6 26. b4 fxe4 27. Nxe4 1-0

[Event "9th Leiden Open A 2015"]
[Site "Leiden NED"]
[Date "2015.07.17"]
[Round "1.7"]
[White "Oosterom, Erik"]
[Black "De Jong, Jan-Willem"]
[Result "0-1"]
[BlackTitle "IM"]
[WhiteElo "2043"]
[BlackElo "2448"]
[WhiteFideId "1003470"]
[BlackFideId "1008641"]
[EventDate "2015.07.17"]

1. Nf3 Nf6 2. c4 g6 3. Nc3 Bg7 4. e4 d6 5. d4 O-O 6. Be2 Bg4 7. Be3 Nfd7 8. Rc1
c5 9. d5 Na6 10. O-O Nc7 11. h3 Bxf3 12. Bxf3 a6 13. a4 Rb8 14. Be2 Re8 15. Qd2
e6 16. Rfe1 exd5 17. exd5 f5 18. Bf1 Qf6 19. Bg5 Qf8 20. f4 Bf6 21. Bxf6 Qxf6
22. Kh2 Kf7 23. Rxe8 Rxe8 24. Re1 Rxe1 25. Qxe1 Qd4 26. g3 Nf6 27. b3 Ne4 28.
Nxe4 fxe4 29. Bg2 e3 30. Qe2 Ne8 31. h4 Nf6 32. Bf3 Qd2 33. Qg2 h5 34. Kg1 Qe1+
35. Kh2 Ng4+ 36. Bxg4 hxg4 37. Qe4 Qf2+ 38. Kh1 Qf1+ 39. Kh2 Qh3+ 40. Kg1 Qxg3+ 0-1

[Event "9th Leiden Open A 2015"]
[Site "Leiden NED"]
[Date "2015.07.17"]
[Round "1.8"]
[White "Pijpers, Arthur"]
[Black "Van Briemen, Willem"]
[Result "1-0"]
[WhiteElo "2433"]
[BlackElo "2041"]
[WhiteFideId "1019554"]
[BlackFideId "1026445"]
[EventDate "2015.07.17"]

1. e4 e6 2. d4 d5 3. Nc3 Bb4 4. e5 c5 5. a3 Bxc3+ 6. bxc3 Ne7 7. Qg4 O-O 8. Bd3
f5 9. exf6 Rxf6 10. Bg5 Rf7 11. Qh5 g6 12. Qd1 Qa5 13. Nf3 Nbc6 14. Bd2 c4 15.
Be2 e5 16. Nxe5 Nxe5 17. dxe5 Nc6 18. f4 Qc5 19. Qc1 d4 20. O-O Bf5 21. Kh1 Rd8
22. Bf3 Rfd7 23. Qb2 d3 24. cxd3 Rxd3 25. Be1 Na5 26. Qb4 Qc7 27. Bh4 R8d7 28.
Rae1 Be6 29. Be4 Nc6 30. Qc5 Rxc3 31. f5 gxf5 32. Bxf5 Bxf5 33. e6 Ne7 34. exd7 1-0

[Event "9th Leiden Open A 2015"]
[Site "Leiden NED"]
[Date "2015.07.17"]
[Round "1.9"]
[White "Van der Meer, Kees"]
[Black "Van Delft, Merijn"]
[Result "1/2-1/2"]
[BlackTitle "IM"]
[WhiteElo "2038"]
[BlackElo "2428"]
[WhiteFideId "1007793"]
[BlackFideId "1004670"]
[EventDate "2015.07.17"]

1. d4 Nf6 2. c4 g6 3. Nc3 Bg7 4. e4 d6 5. f3 O-O 6. Be3 Nc6 7. Nge2 a6 8. Qd2
Rb8 9. Nc1 e5 10. Nb3 Nh5 11. d5 Ne7 12. c5 f5 13. O-O-O Kh8 14. Kb1 Ng8 15. Be2
Ngf6 16. g3 fxe4 17. fxe4 b6 18. cxb6 cxb6 19. Ka1 b5 20. Qd3 b4 21. Nb1 a5 22.
N3d2 a4 23. Rc1 Bd7 24. Qa6 Qe7 25. Rc7 a3 26. Rhc1 axb2+ 27. Kxb2 Ra8 28. Ra7
Rxa7 29. Qxa7 Qe8 30. Rc7 Bg4 31. Bd3 Nd7 32. Bb5 Nhf6 33. Bg5 Rf7 34. Qb7 Qe7
35. Bxd7 Bxd7 36. Qxb4 h6 37. Be3 Kh7 1/2-1/2

[Event "9th Leiden Open A 2015"]
[Site "Leiden NED"]
[Date "2015.07.17"]
[Round "1.10"]
[White "Van Overdam, Julian"]
[Black "Dellert, Lena"]
[Result "1-0"]
[WhiteElo "2367"]
[BlackElo "1835"]
[WhiteFideId "1015303"]
[BlackFideId "12991511"]
[EventDate "2015.07.17"]

1. e4 e5 2. Nf3 Nc6 3. d4 exd4 4. Nxd4 Nf6 5. Nxc6 bxc6 6. e5 Nd5 7. c4 Ba6 8.
b3 g6 9. g3 Bg7 10. Bb2 O-O 11. Bg2 f6 12. e6 Re8 13. O-O f5 14. Qd2 Nb6 15.
exd7 Qxd7 16. Qxd7 Nxd7 17. Bxg7 Kxg7 18. Bxc6 Rad8 19. Nc3 Re6 20. Bd5 Rd6 21.
Rfe1 Kf8 22. Bg2 Nf6 23. Rad1 Rd3 24. Bf1 Rd2 25. Rxd2 Rxd2 26. Re6 Rd6 27. Rxd6
cxd6 28. Bg2 Ke7 29. Nd5+ Nxd5 30. Bxd5 h6 31. f4 Bc8 32. Kf2 Bd7 33. Ke3 Be8
34. Kd4 Kd7 35. h4 Kc7 36. Be6 Kc6 37. b4 Kc7 38. b5 Kb6 39. Kd5 Kc7 40. a4 a6
41. Bg8 axb5 42. axb5 1-0

[Event "9th Leiden Open A 2015"]
[Site "Leiden NED"]
[Date "2015.07.17"]
[Round "1.11"]
[White "Knudsen, Martin"]
[Black "Erwich, Frank"]
[Result "1/2-1/2"]
[BlackTitle "FM"]
[WhiteElo "2026"]
[BlackElo "2361"]
[WhiteFideId "1406523"]
[BlackFideId "1007076"]
[EventDate "2015.07.17"]

1. d4 Nf6 2. c4 e6 3. Nf3 b6 4. e3 Bb7 5. Bd3 c5 6. O-O Be7 7. Nbd2 cxd4 8. Nxd4
d5 9. N2f3 O-O 10. cxd5 Qxd5 11. Qb3 Nbd7 12. Qxd5 Nxd5 13. Bb5 Nc5 14. Rd1 Rac8
15. Bd2 a6 16. Be2 Ne4 17. Be1 Rc7 18. Rac1 Rfc8 19. Nb3 Bf6 20. Nfd4 e5 21. Nf5
Rxc1 22. Rxc1 Rxc1 23. Nxc1 Bc8 24. Bc4 Nc7 25. Ng3 Nxg3 26. hxg3 e4 27. b4 Kf8
28. Ne2 Be6 29. Bxe6 fxe6 30. f3 exf3 31. gxf3 Ke7 32. e4 Kd7 33. Kf2 Kc6 34. a4
Ne8 35. f4 e5 36. Ke3 Nd6 37. Kd3 b5 38. a5 Nc4 39. f5 Be7 40. Ng1 Bg5 41. Nf3
Bc1 42. Bc3 Kd6 43. Kc2 Be3 44. Kd3 Bc1 45. Kc2 Be3 46. Kd3 Bc1 1/2-1/2

[Event "9th Leiden Open A 2015"]
[Site "Leiden NED"]
[Date "2015.07.17"]
[Round "1.13"]
[White "Campbell, Ian"]
[Black "Gindi, Shachar"]
[Result "1-0"]
[BlackTitle "FM"]
[WhiteElo "2005"]
[BlackElo "2336"]
[WhiteFideId "415219"]
[BlackFideId "2804182"]
[EventDate "2015.07.17"]

1. d4 d5 2. Bf4 e6 3. e3 c5 4. c3 Nc6 5. Nf3 Bd6 6. Bg3 Nf6 7. Nbd2 Bxg3 8. hxg3
Qd6 9. Bd3 e5 10. dxe5 Nxe5 11. Nxe5 Qxe5 12. Nf3 Qe7 13. Bb5+ Bd7 14. Bxd7+
Qxd7 15. Qd3 O-O-O 16. O-O Kb8 17. Rfd1 Rhe8 18. Rac1 Qg4 19. b3 Ne4 20. c4 Re6
21. cxd5 Rh6 22. Rc4 f5 23. a4 1-0

[Event "9th Leiden Open A 2015"]
[Site "Leiden NED"]
[Date "2015.07.17"]
[Round "1.14"]
[White "Visser, Henk-Jan"]
[Black "Veenendaal, Loek"]
[Result "1-0"]
[WhiteElo "2272"]
[BlackElo "1993"]
[WhiteFideId "1010204"]
[BlackFideId "1049259"]
[EventDate "2015.07.17"]

1. e4 c6 2. d4 d5 3. e5 Bf5 4. Nf3 e6 5. Be2 Nd7 6. O-O Ne7 7. Nh4 Bg6 8. Nd2
Nf5 9. Nxg6 hxg6 10. Nf3 Be7 11. c3 Nh4 12. Ne1 Qb6 13. Rb1 c5 14. Qa4 a6 15.
Nd3 cxd4 16. cxd4 Rc8 17. Nc5 Rc6 18. Be3 Nxc5 19. dxc5 Qc7 20. b4 Qxe5 21. g3
d4 22. Rb3 Qd5 23. gxh4 dxe3 24. Rxe3 Rxh4 25. Rd1 Qg5+ 26. Rg3 Qf4 27. Bf3 Kf8
28. Bxc6 Bxc5 29. Bf3 Bxf2+ 30. Kxf2 Rxh2+ 31. Rg2 Qh4+ 32. Ke2 Qc4+ 33. Rd3 Rh4
34. Qb3 Qf4 35. Qc3 Qf5 36. Qc8+ Ke7 37. Qd8# 1-0

[Event "9th Leiden Open A 2015"]
[Site "Leiden NED"]
[Date "2015.07.17"]
[Round "1.17"]
[White "Jongste, David"]
[Black "Sorensen, Bent"]
[Result "1-0"]
[BlackTitle "FM"]
[WhiteElo "1976"]
[BlackElo "2217"]
[WhiteFideId "1042637"]
[BlackFideId "1400410"]
[EventDate "2015.07.17"]

1. e4 e6 2. d4 d5 3. Nd2 Be7 4. e5 c5 5. c3 Nc6 6. Bd3 Nh6 7. Ndf3 Nf5 8. Bxf5
exf5 9. Ne2 O-O 10. O-O b6 11. Re1 Ba6 12. e6 f6 13. Ng3 g6 14. Bh6 Re8 15. Nh4
Kh8 16. Nxg6+ hxg6 17. Nxf5 Kh7 18. Re3 Rh8 19. Bg7 Kg8 20. Bxh8 Kxh8 21. Rh3+
Kg8 22. Qg4 Qe8 23. Qh4 1-0

[Event "9th Leiden Open A 2015"]
[Site "Leiden NED"]
[Date "2015.07.17"]
[Round "1.18"]
[White "Overeem, Marc"]
[Black "Erwich, Frans"]
[Result "1-0"]
[WhiteTitle "FM"]
[WhiteElo "2216"]
[BlackElo "1974"]
[WhiteFideId "1004972"]
[BlackFideId "1004638"]
[EventDate "2015.07.17"]

1. c4 b6 2. d4 e6 3. e4 c5 4. d5 exd5 5. cxd5 g6 6. Nc3 Bg7 7. Bf4 a6 8. Nf3 d6
9. Qa4+ Bd7 10. Qc2 Qc7 11. Nd2 Ne7 12. Be2 O-O 13. O-O f5 14. Nc4 Nc8 15. exf5
Bxf5 16. Qd2 b5 17. Ne3 b4 18. Ncd1 Bd7 19. Nc4 Bb5 20. Rc1 Nd7 21. Bg4 Bxc4 22.
Rxc4 Ncb6 23. Be6+ Kh8 24. Rc2 a5 25. Bh6 Nf6 26. Bxg7+ Qxg7 27. Ne3 Rae8 28.
Qd3 Nh5 29. Qb5 Qc7 30. g3 Ng7 31. Bh3 Nf5 32. Nxf5 gxf5 33. Bg2 Re5 34. Re2 f4
35. Rxe5 dxe5 36. Qe2 c4 37. Rd1 Qd6 38. Be4 fxg3 39. hxg3 Rc8 40. Kg2 Rc7 41.
Qh5 Rg7 42. Rh1 h6 43. Qxh6+ Qxh6 44. Rxh6+ 1-0

[Event "9th Leiden Open A 2015"]
[Site "Leiden NED"]
[Date "2015.07.17"]
[Round "1.19"]
[White "Bishoen, Bob"]
[Black "Kolodkin, Daniil"]
[Result "0-1"]
[WhiteElo "1968"]
[BlackElo "2208"]
[WhiteFideId "1054104"]
[BlackFideId "1039776"]
[EventDate "2015.07.17"]

1. e4 c5 2. b4 cxb4 3. a3 d5 4. Bb5+ Bd7 5. Bxd7+ Qxd7 6. exd5 Qxd5 7. Nf3 Qe4+
8. Kf1 e6 9. axb4 Bxb4 10. d3 Qd5 11. Be3 Nc6 12. c3 Be7 13. c4 Qd7 14. d4 Nf6
15. Nc3 O-O 16. h3 Rfd8 17. Qb3 b6 18. Rd1 Rac8 19. Ne5 Qb7 20. Ke2 Nxe5 21.
dxe5 Nd7 22. Bf4 Nc5 23. Qc2 Rxd1 24. Qxd1 Rd8 25. Qc2 Qxg2 26. Rh2 Qg1 27. Qb1
Qxb1 28. Nxb1 Rd4 29. Be3 Rxc4 30. Nd2 Rb4 31. Rh1 a5 32. Rc1 g5 33. Nc4 Nb3 34.
Rc3 a4 35. Nxb6 a3 36. Rc8+ Kg7 37. Ra8 a2 38. Rxa2 Rxb6 39. Ra7 Bc5 40. Bxg5
Nd4+ 41. Kd3 Rb3+ 0-1

[Event "9th Leiden Open A 2015"]
[Site "Leiden NED"]
[Date "2015.07.17"]
[Round "1.20"]
[White "Kerkvliet, Max"]
[Black "Bakker, Joop"]
[Result "1-0"]
[WhiteElo "2186"]
[BlackElo "1956"]
[WhiteFideId "1025546"]
[BlackFideId "1012100"]
[EventDate "2015.07.17"]

1. d4 d5 2. c4 e6 3. Nf3 b6 4. cxd5 exd5 5. Nc3 Bb7 6. Bf4 Bd6 7. Bxd6 Qxd6 8.
e3 a6 9. Bd3 Nf6 10. Ne5 O-O 11. O-O Nbd7 12. f4 Ne4 13. Rc1 f5 14. Qa4 Ndf6 15.
Rfd1 Rac8 16. a3 c5 17. Bxe4 Nxe4 18. Nxe4 fxe4 19. Qd7 Qxd7 20. Nxd7 Rc6 21.
dxc5 bxc5 22. Rxd5 Rc7 23. Rcxc5 Rfc8 24. Rxc7 Rxc7 25. Rd2 Rc1+ 26. Kf2 h6 27.
Ne5 Rb1 28. f5 a5 29. Rd8+ Kh7 30. Ng6 1-0

[Event "9th Leiden Open A 2015"]
[Site "Leiden NED"]
[Date "2015.07.17"]
[Round "1.22"]
[White "Heemskerk, Wim"]
[Black "Holwijn, Melvin"]
[Result "1-0"]
[WhiteTitle "FM"]
[WhiteElo "2175"]
[BlackElo "1952"]
[WhiteFideId "1001000"]
[BlackFideId "1017314"]
[EventDate "2015.07.17"]

1. Nf3 e6 2. g3 b6 3. Bg2 Bb7 4. c4 f5 5. O-O Nf6 6. d4 Be7 7. Nc3 Ne4 8. Bd2
O-O 9. Qc2 Nxd2 10. Qxd2 Bb4 11. Rad1 Bxc3 12. Qxc3 Be4 13. d5 exd5 14. cxd5 d6
15. Nd4 Bxg2 16. Kxg2 Qe7 17. Ne6 Rf7 18. Qc4 a5 19. a3 Qd7 20. Rc1 Ra7 21. b4
axb4 22. axb4 b5 23. Qd4 Ra4 24. Rxc7 Qe8 25. Rfc1 Nc6 26. R1xc6 Ra8 27. Rxf7
Qxf7 28. Rc7 1-0

[Event "9th Leiden Open A 2015"]
[Site "Leiden NED"]
[Date "2015.07.17"]
[Round "1.23"]
[White "Hawkins, James N H"]
[Black "Van der Marel, Lambertus"]
[Result "0-1"]
[WhiteElo "1942"]
[BlackElo "2161"]
[WhiteFideId "409928"]
[BlackFideId "1005855"]
[EventDate "2015.07.17"]

1. e4 e5 2. Nf3 Nc6 3. Bc4 Nf6 4. d3 Bc5 5. Nc3 a6 6. a3 d6 7. h3 Be6 8. Qe2 Qd7
9. Be3 O-O 10. Bxe6 fxe6 11. Bxc5 dxc5 12. O-O Nd4 13. Qd1 Qd6 14. Nxd4 cxd4 15.
Ne2 Nd7 16. Qd2 Rf6 17. f4 Raf8 18. fxe5 Nxe5 19. Rxf6 Rxf6 20. Rf1 Rxf1+ 21.
Kxf1 c5 22. Kg1 Ng6 23. Qg5 Qe7 24. Qg4 Qf6 25. Qg3 Qe5 26. Qf3 b5 27. g3 Qg5
28. Qf2 Ne5 29. Nf4 Qh6 30. Kg2 g5 31. Ne2 g4 32. Ng1 gxh3+ 33. Nxh3 Ng4 34. Qe2
Qh5 35. Ng1 Qh2+ 36. Kf3 Ne5+ 37. Kf4 Ng6+ 38. Kf3 Qxg1 0-1

[Event "9th Leiden Open A 2015"]
[Site "Leiden NED"]
[Date "2015.07.17"]
[Round "1.25"]
[White "De Mooij, Marco"]
[Black "Wallgren, Ulf"]
[Result "0-1"]
[WhiteElo "1929"]
[BlackElo "2141"]
[WhiteFideId "1031007"]
[BlackFideId "1706527"]
[EventDate "2015.07.17"]

1. e4 c5 2. Nf3 Nc6 3. d4 cxd4 4. Nxd4 Nf6 5. Nc3 e5 6. Ndb5 h6 7. Nd5 Nxd5 8.
exd5 a6 9. dxc6 axb5 10. cxd7+ Bxd7 11. Qd5 Qc7 12. Be3 Bc6 13. Qb3 Bd6 14.
O-O-O O-O 15. Be2 Ra4 16. Bb6 Qxb6 17. Rxd6 Qa5 18. Kb1 Ra8 19. Bh5 Be8 20. a3
Rf4 21. Rhd1 b4 22. R6d5 Qc7 23. f3 bxa3 24. g3 Rc4 25. bxa3 g6 26. Bg4 Ba4 27.
Rd8+ Rxd8 28. Rxd8+ Kg7 0-1

[Event "9th Leiden Open A 2015"]
[Site "Leiden NED"]
[Date "2015.07.18"]
[Round "2.1"]
[White "Howell, David W L"]
[Black "Visser, Henk-Jan"]
[Result "1-0"]
[WhiteTitle "GM"]
[WhiteElo "2698"]
[BlackElo "2272"]
[WhiteFideId "410608"]
[BlackFideId "1010204"]
[EventDate "2015.07.17"]

1. d4 d5 2. c4 c6 3. Nc3 Nf6 4. Nf3 a6 5. e3 Bf5 6. Qb3 b5 7. c5 a5 8. Ne5 a4 9.
Qd1 g6 10. g4 Be6 11. Bg2 Qc8 12. h3 Bg7 13. Qc2 Na6 14. Nd3 O-O 15. O-O Re8 16.
Ne2 Qc7 17. Bd2 Ne4 18. Be1 Bh6 19. Nef4 Bd7 20. f3 e5 21. dxe5 Ng5 22. Qf2 Qa7
23. b4 axb3 24. axb3 Qb7 25. Qh4 d4 26. Qxh6 1-0

[Event "9th Leiden Open A 2015"]
[Site "Leiden NED"]
[Date "2015.07.18"]
[Round "2.2"]
[White "Tiviakov, Sergei"]
[Black "Johansson, Gunnar"]
[Result "1-0"]
[WhiteTitle "GM"]
[WhiteElo "2639"]
[BlackElo "2223"]
[WhiteFideId "1008013"]
[BlackFideId "1703501"]
[EventDate "2015.07.17"]

1. e4 c5 2. Nf3 e6 3. c3 Nf6 4. e5 Nd5 5. Bc4 d6 6. exd6 Bxd6 7. d4 cxd4 8. Qxd4
O-O 9. O-O Nc6 10. Qe4 Nf6 11. Qe2 Qc7 12. Nbd2 Bd7 13. Re1 Rad8 14. Bb3 h6 15.
Ne4 Nxe4 16. Qxe4 Ne7 17. Ne5 Nd5 18. h3 Bc8 19. Bc2 Nf6 20. Qe2 b6 21. Bf4 Bb7
22. Rad1 Bd5 23. a4 Qb7 24. Rd3 Bc4 25. Nxc4 Bxf4 26. Rf3 Bb8 27. g3 Rd7 28. Bd3
Rfd8 29. a5 Bc7 30. a6 Qc8 31. Na3 Bb8 32. Nc2 Bd6 33. Bb5 Rc7 34. Rd1 Bf8 35.
Rfd3 Rxd3 36. Qxd3 g6 37. Qd8 Kg7 38. Qxc8 Rxc8 39. Nd4 Nd5 40. Bd7 Rc5 41. Bxe6
Nc7 42. Bc8 Ra5 43. Nc6 Ra4 44. Rd7 Nxa6 45. b4 Ra3 46. Ne5 Rxc3 47. Rxf7+ 1-0

[Event "9th Leiden Open A 2015"]
[Site "Leiden NED"]
[Date "2015.07.18"]
[Round "2.3"]
[White "Overeem, Marc"]
[Black "Nikolic, Predrag"]
[Result "0-1"]
[WhiteTitle "FM"]
[BlackTitle "GM"]
[WhiteElo "2216"]
[BlackElo "2601"]
[WhiteFideId "1004972"]
[BlackFideId "14400014"]
[EventDate "2015.07.17"]

1. c4 e5 2. Nc3 d6 3. g3 g6 4. d4 Nd7 5. Bg2 Bg7 6. Nf3 Nh6 7. O-O O-O 8. h3 c6
9. Rb1 f5 10. b3 e4 11. Ne1 Nf7 12. Nc2 Nf6 13. d5 Bd7 14. dxc6 bxc6 15. Na4 Qe7
16. Qd2 Rfd8 17. Bb2 Be8 18. Rbd1 Rab8 19. Qa5 Nh5 20. Bxg7 Kxg7 21. Qc3+ Kg8
22. Qe3 Nf6 23. Nc3 d5 24. cxd5 cxd5 25. Nd4 Rdc8 26. Rc1 Rc7 27. Rc2 Rbc8 28.
Rfc1 h5 29. Nd1 Rxc2 30. Rxc2 Rxc2 31. Nxc2 h4 32. Nd4 hxg3 33. Qxg3 Nd6 34. Qg5
Kh7 35. Ne3 Qe5 36. Nec2 Nf7 37. Qh4+ Kg7 38. Qf4 Nh5 39. Qxe5+ Nxe5 40. e3 Nd3
41. f4 Kf6 42. Bf1 Bd7 43. a3 Nhxf4 44. exf4 Nxf4 45. h4 Ne6 46. Bb5 Nxd4 47.
Nxd4 Bc8 48. Be8 f4 49. Kf2 Bg4 50. Bb5 Ke5 51. Nc6+ Kd6 52. b4 a6 53. Ba4 e3+
54. Ke1 f3 0-1

[Event "9th Leiden Open A 2015"]
[Site "Leiden NED"]
[Date "2015.07.18"]
[Round "2.4"]
[White "Milov, Leonid"]
[Black "Kerkvliet, Max"]
[Result "1-0"]
[WhiteTitle "GM"]
[WhiteElo "2462"]
[BlackElo "2186"]
[WhiteFideId "14101068"]
[BlackFideId "1025546"]
[EventDate "2015.07.17"]

1. e4 d5 2. exd5 Qxd5 3. Nf3 Bg4 4. Be2 Nc6 5. d4 O-O-O 6. c4 Qf5 7. Be3 Bxf3 8.
Bxf3 Nxd4 9. Bxd4 Qe6+ 10. Be2 Qe4 11. O-O Qxd4 12. Qa4 Qxb2 13. Qxa7 e6 14. Bf3
c6 15. Nc3 Qxc3 16. Rab1 Bb4 17. Qb6 Qd4 18. Qxb4 Qa7 19. Rb3 Nf6 20. Rfb1 Nd7
21. Qxb7+ Qxb7 22. Rxb7 Ne5 23. Be2 c5 24. a4 Nc6 25. Bf3 Nb4 26. Rb5 Nd3 27. a5
Kc7 28. a6 Ne5 29. Rb7+ 1-0

[Event "9th Leiden Open A 2015"]
[Site "Leiden NED"]
[Date "2015.07.18"]
[Round "2.5"]
[White "Kolodkin, Daniil"]
[Black "Das, Arghyadip"]
[Result "1/2-1/2"]
[BlackTitle "IM"]
[WhiteElo "2208"]
[BlackElo "2457"]
[WhiteFideId "1039776"]
[BlackFideId "5003610"]
[EventDate "2015.07.17"]

1. e4 c5 2. Nf3 d6 3. Bb5+ Nd7 4. O-O a6 5. Bd3 Ngf6 6. Re1 b5 7. c4 b4 8. a3
bxa3 9. Rxa3 Bb7 10. Bc2 e5 11. d3 Be7 12. Ba4 O-O 13. Bxd7 Nxd7 14. Bd2 f5 15.
Ba5 Qc8 16. Nc3 Bd8 17. Nd5 Bxd5 18. exd5 Bxa5 19. Rxa5 Rb8 20. Qd2 Rb6 21. Ng5
Qb7 22. Ra2 Rb8 23. Re2 h6 24. Nf3 Nf6 25. Nh4 Qd7 26. f4 e4 27. dxe4 fxe4 28.
g3 Rb4 29. Qc2 R8b6 30. Ng2 Qh3 31. Ne3 h5 32. Nd1 Qf5 33. Nf2 Qg6 34. Nxe4 Nxe4
35. Rxe4 Rxb2 36. Rxb2 Rxb2 37. Qxb2 Qxe4 38. Qb8+ Kh7 39. Qxd6 Qe1+ 40. Kg2
Qe2+ 41. Kg1 Qe1+ 1/2-1/2